| 000 | 00770nam a2200253 a 4500 | ||
|---|---|---|---|
| 001 | 54575 | ||
| 003 | BD-RjUL | ||
| 005 | 20211209080136.0 | ||
| 008 | 161106s1972 ii b 000 0 eng | ||
| 035 | _a(BD-RjUL)54697 | ||
| 040 |
_aDLC _cDLC _dBD-RjUL _beng |
||
| 041 | _aeng | ||
| 082 | 0 | 0 |
_223 _a342.54029 _bBHC 1972 |
| 100 | 0 |
_aVishnoo Bhagwan, _d1929- _9162788 |
|
| 245 | 1 | 0 |
_aConstitutional history of India and national movement / _cVishnoo Bhagwan |
| 250 | _a3d ed., rev. and improved. | ||
| 260 |
_aDelhi : _bAtma Ram, _c1972. |
||
| 300 |
_axi, 322, 354 p. : _c22 cm. |
||
| 350 | _aRs22.50 | ||
| 504 | _aBibliography: p. 351-354. | ||
| 650 | 0 |
_aConstitutional history _zIndia. _9162789 |
|
| 651 | 0 |
_aIndia _xPolitics and government. _9162790 |
|
| 942 |
_2ddc _cBK |
||
| 999 |
_c54575 _d54575 |
||